[Event "Hilton Open"]
[Site "Basel SUI"]
[Date "2011.01.02"]
[Round "2.22"]
[White "Bjerke,S"]
[Black "Senn,R"]
[Result "1/2-1/2"]
[WhiteElo "2186"]
[BlackElo "2068"]

1.e4 e6 2.d4 d5 3.Nd2 Be7 4.Bd3 c5 5.c3 cxd4 6.cxd4 dxe4 7.Nxe4 Nf6 8.Nf3 O-O
9.O-O Nc6 10.Nc3 Nb4 11.Bb1 Nbd5 12.Ne5 Bd7 13.Qd3 Bc6 14.Nxc6 bxc6 15.Bg5 g6
16.Bh6 Re8 17.Nxd5 cxd5 18.Bc2 Qb6 19.Bb3 Ne4 20.Rac1 Bf6 21.Be3 Rec8 22.Rfd1 Bg7
23.Rc2 Rxc2 24.Qxc2 Nd6 25.Rd3  1/2-1/2

[Event "Hilton Open"]
[Site "Basel SUI"]
[Date "2011.01.03"]
[Round "4.28"]
[White "Speck,H"]
[Black "Senn,R"]
[Result "1/2-1/2"]
[WhiteElo "2050"]
[BlackElo "2068"]

1.e4 e6 2.d4 d5 3.Nd2 Be7 4.Ngf3 Nf6 5.Bd3 c5 6.c3 Nc6 7.exd5 Qxd5 8.Bc4 Qh5
9.Be2 Qd5 10.Bc4 Qh5 11.Be2 Qd5  1/2-1/2

[Event "Berkeley Int Open"]
[Site "Berkeley USA"]
[Date "2011.01.03"]
[Round "3"]
[White "Gaffagan,S"]
[Black "Holt,C"]
[Result "0-1"]
[WhiteElo "1995"]
[BlackElo "2393"]

1.e4 e6 2.d4 d5 3.Nd2 Be7 4.Ngf3 Nf6 5.e5 Nfd7 6.Bd3 c5 7.c3 Nc6 8.O-O g5
9.dxc5 g4 10.Nd4 Ndxe5 11.Bb5 Bd7 12.N2b3 h5 13.Re1 Ng6 14.c4 Nxd4 15.Bxd7+ Qxd7
16.Qxd4 O-O-O 17.cxd5 Qxd5 18.Qa4 Nh4 19.f3 gxf3  0-1

[Event "23rd Staufer-Open"]
[Site "Leinzell GER"]
[Date "2011.01.03"]
[Round "4"]
[White "Braun,Ru"]
[Black "Dirr,U"]
[Result "0-1"]
[WhiteElo "2041"]
[BlackElo "2250"]

1.e4 e6 2.d4 d5 3.Nd2 Be7 4.Bd3 c5 5.dxc5 Nf6 6.exd5 Qxd5 7.Ngf3 Bxc5 8.O-O Nc6
9.Qe2 O-O 10.Ne4 Be7 11.a3 Rd8 12.Bg5 Nxe4 13.Bxe4 Nd4 14.Nxd4 Qxg5 15.Rad1 Rb8
16.Rd3 Bd7 17.Rfd1 Be8 18.Qf3 f5 19.Bxf5 exf5 20.Ne6 Rxd3 21.Qxd3 Qf6 22.Qc4 Bf7
23.Qc7 Re8 24.Nf4 Bd6  0-1

[Event "Berkeley Int Open"]
[Site "Berkeley USA"]
[Date "2011.01.04"]
[Round "6"]
[White "Erenburg,S"]
[Black "Holt,C"]
[Result "1-0"]
[WhiteElo "2600"]
[BlackElo "2393"]

1.e4 e6 2.d4 d5 3.Nd2 Be7 4.Ngf3 Nf6 5.e5 Nfd7 6.Be2 c5 7.c3 Nc6 8.O-O O-O
9.Re1 f6 10.exf6 Nxf6 11.Nf1 Qb6 12.Bd3 cxd4 13.cxd4 Bd7 14.a3 a5 15.b3 Rac8
16.Bg5 Bd6 17.Bh4 Kh8 18.Bb1 Ne7 19.Ne5 Be8 20.Ne3 Bh5 21.Qd3 Bg6 22.Qd1 Bh5
23.Qd3 Bg6 24.Qd1 Bxe5 25.dxe5 Nfg8 26.Bg3 Rc3 27.b4 axb4 28.axb4 d4 29.Nf1 Nf5
30.Be4 d3 31.Kh1 Qxb4 32.Rb1 Qd4 33.Bxf5 exf5 34.f4 Rd8 35.Rb2 Be8 36.Qd2 Nh6
37.Bf2 Qc4 38.Ne3 Qc8 39.h3 Bc6 40.Bh4 Re8 41.Nd1 Ra3 42.Nf2 Qd7 43.Re3 Bb5
44.e6 Qc6 45.Qb4 Ba6 46.Qxa3 Qc1+ 47.Nd1 Qxd1+ 48.Re1 Qh5 49.Bf2 Bc4 50.Kg1 Qg6
51.Qc5 b5 52.e7 Ng8 53.Bh4 Qh5 54.Qf2 h6 55.Re5 Qg6 56.Kh2 Nf6 57.Bxf6 Qxf6
58.Qd4 Kg8 59.Qd7 Qg6 60.Rb1 h5 61.Rbe1 h4 62.R1e3 b4 63.Rxf5 d2 64.Rf8+ Kh7
65.Rxe8 Bb5 66.Rh8+  1-0

[Event "23rd Staufer-Open"]
[Site "Leinzell GER"]
[Date "2011.01.04"]
[Round "6"]
[White "Gheng,J"]
[Black "Scheeff,V"]
[Result "1-0"]
[WhiteElo "2335"]
[BlackElo "2139"]

1.e4 e6 2.d4 d5 3.Nd2 Be7 4.c3 c5 5.dxc5 Bxc5 6.Nb3 Bb6 7.exd5 exd5 8.Bb5+ Nc6
9.Qe2+ Ne7 10.Be3 O-O 11.Nf3 Bg4 12.h3 Bh5 13.g4 Bg6 14.Nfd4 a6 15.Bd3 Ne5
16.Bxg6 N7xg6 17.O-O-O Re8 18.Rhe1 Nc4 19.Qf3 Nxe3 20.fxe3 Qg5 21.Nf5 Ne5
22.Qxd5 Rad8 23.Qxb7 Rxd1+ 24.Rxd1 Bxe3+ 25.Kb1 h5 26.Qe4 Bb6 27.Rd5 f6 28.Rd7 Nxd7
29.Qxe8+ Nf8 30.Ne7+ Kh7 31.Qxf8  1-0

[Event "Balogh-Rapport Match"]
[Site "Szombathely CZE"]
[Date "2011.01.05"]
[Round "2"]
[White "Balogh,C"]
[Black "Rapport,R"]
[Result "0-1"]
[WhiteElo "2604"]
[BlackElo "2531"]

1.e4 e6 2.d4 d5 3.Nd2 Be7 4.e5 c5 5.c3 Nc6 6.Ndf3 Qb6 7.Bd3 cxd4 8.cxd4 Bd7
9.Ne2 Nb4 10.Bb1 Qa6 11.Nc3 Rc8 12.a3 Bd8 13.Be3 h6 14.h4 Ne7 15.h5 Nbc6
16.Bd3 Qb6 17.Na4 Qc7 18.b4 Na5 19.O-O Nc4 20.Qb3 Nf5 21.Rac1 Bxa4 22.Qxa4+ Qd7
23.Qb3 b5 24.g4 Ne7 25.Bb1 a5 26.Ne1 a4 27.Qd3 g6 28.hxg6 Nxg6 29.f4 h5 30.g5 Ne7
31.Nf3 Nf5 32.Bf2 Bb6 33.Nh4 Bxd4 34.Bxd4 Nxh4 35.Qg3 Nd2 36.Rxc8+ Qxc8 37.Bc5 Nxf1
38.Kxf1 Nf5 39.Bxf5 exf5 40.g6 Qe6 41.g7 Rg8 42.Qg5 d4 43.Ke1 f6 44.Qxh5+ Kd7
45.Qe2 fxe5 46.Qxb5+ Qc6 47.Qxc6+ Kxc6 48.Bf8 e4 49.Kd2 Kb5 50.Kc2 Kc4 51.Kd2 d3
52.Ke3 Kc3 53.b5 d2 54.Bb4+ Kc4  0-1

[Event "Balogh-Rapport Match"]
[Site "Szombathely CZE"]
[Date "2011.01.07"]
[Round "4"]
[White "Balogh,C"]
[Black "Rapport,R"]
[Result "1/2-1/2"]
[WhiteElo "2604"]
[BlackElo "2531"]

1.e4 e6 2.d4 d5 3.Nd2 Nc6 4.Ngf3 Nf6 5.e5 Nd7 6.Be2 Be7 7.Nf1 O-O 8.Ng3 f6
9.exf6 Bxf6 10.Nh5 e5 11.dxe5 Ndxe5 12.O-O Bg4 13.Nf4 Qd6 14.Qxd5+ Qxd5 15.Nxd5 Bxf3
16.gxf3 Nd4 17.Bd1 Ndxf3+ 18.Kg2 c6 19.Nc7 Rac8 20.Ne6 Rfe8 21.Nc5 Nh4+ 22.Kh3 Nef3
23.Nxb7 Rb8 24.Nd6 Re6 25.Nf5 Nxh2 26.Kxh2 Nxf5 27.c3 Kh8 28.Bg4 Rf8 29.Rd1 Bd8
30.Rxd8 Rxd8 31.Bxf5 Re1 32.Bg5 Rxa1 33.Bxd8 Rxa2 34.c4 Rxb2 35.Kg2 Ra2 36.c5 a5
37.Be4 a4 38.Bxc6 a3 39.Ba4 Rd2 40.Ba5 Rd4 41.Bb3 a2 42.Bc3 Rd3 43.Bxg7+ Kxg7
44.Bxa2 Rc3 45.Be6 Kf6 46.Bg8 h6 47.Bd5 Rxc5 48.Bb7 Rc3 49.Bf3 Ra3 50.Kg3 Kg5
51.Kg2 Kf4 52.Bb7 Ra7 53.Bc6 Rc7 54.Bd5 Ke5 55.Ba8 Rg7+ 56.Kh3 Rf7 57.Kg3 Rf8
58.Bb7 Rf6 59.Ba8 Kd4 60.Bf3 Kd3 61.Bd5 Rg6+ 62.Kh4 Ke2 63.Bc4+ Kf3 64.Kh5 Rd6
65.Bf7 Kf4 66.Bg6 Ke5 67.Kxh6 Kf6 68.Be4 Rd2 69.Kh7 Kf7 70.Bg6+ Kf8 71.Kh8 Rd6
72.Bh7 Kf7 73.Bg8+ Kg6 74.Bh7+ Kh6 75.f4 Rd8+ 76.Bg8 Kg6 77.f5+ Kf6 78.Kh7 Rd7+
79.Kh8 Rg7 80.Be6 Rg5 81.Bg8 Rxg8+ 82.Kxg8 Kxf5  1/2-1/2

[Event "HSK GM"]
[Site "Hamburg GER"]
[Date "2011.01.08"]
[Round "8.3"]
[White "Rausis,I"]
[Black "Berger,Stev"]
[Result "1/2-1/2"]
[WhiteElo "2484"]
[BlackElo "2427"]

1.e4 e6 2.d4 d5 3.Nd2 Be7 4.e5 Nh6 5.Ndf3 c5 6.c3 Nc6 7.Bd3 cxd4 8.cxd4 f6
9.exf6 Bxf6 10.Ne2 Qb6 11.O-O Bd7 12.b3 Nf7 13.Be3 Qd8 14.Nf4 g6 15.Re1 O-O
16.Rc1 Nd6 17.Bb1 Qe7 18.Ne5 Nxe5 19.dxe5 Bxe5 20.Nxd5 exd5 21.Bd4 Bxh2+
22.Kxh2 Qh4+ 23.Kg1 Bc6 24.Qd2 Nf5 25.Bc5 d4 26.Bxf8 Rxf8 27.Qe2 Bxg2 28.Qe6+ Kh8
29.Qe5+ Kg8 30.Qe6+ Kh8 31.Qe5+ Kg8 32.Kxg2 Qg4+ 33.Kh2 Qh4+ 34.Kg1 Qg4+
35.Kh2 Qh4+ 36.Kg1  1/2-1/2

[Event "1st HDBank Cup"]
[Site "Ho Chi Minh City VIE"]
[Date "2011.01.08"]
[Round "8.9"]
[White "Zhao Jun"]
[Black "Wang Li"]
[Result "1/2-1/2"]
[WhiteElo "2599"]
[BlackElo "2394"]

1.e4 e6 2.d4 d5 3.Nd2 Be7 4.Ngf3 Nf6 5.Bd3 c5 6.exd5 Qxd5 7.dxc5 Qxc5 8.O-O O-O
9.Qe2 Qc7 10.Ne4 Nbd7 11.Bg5 b6 12.Nxf6+ Nxf6 13.Qe5 Qxe5 14.Nxe5 Bb7 15.Nd7 Rfd8
16.Nxf6+ gxf6 17.Be3 f5 18.Rfd1 Be4 19.Bxe4 fxe4 20.Kf1 f5 21.a4 Rxd1+ 22.Rxd1 Rd8
23.Rxd8+ Bxd8 24.Bf4 Bf6 25.Bb8 a6 26.b3 b5 27.axb5 axb5 28.Ke2 Kf7 29.f3 exf3+
30.gxf3 e5 31.Kd3 Ke6 32.c4 bxc4+ 33.Kxc4 e4 34.fxe4 fxe4 35.b4 e3 36.Ba7 e2
37.Bf2 Be7 38.b5 Kd6 39.Bg3+ Ke6 40.Bf2 Kd6 41.Be1 Bd8 42.Bg3+ Ke6 43.Be1 Kd6
44.h4 h5 45.Bg3+ Ke6 46.Be1 Kd6 47.Bg3+ Ke6 48.Kd3 Kd5 49.Kxe2 Kc5  1/2-1/2

[Event "36th Open"]
[Site "Seville ESP"]
[Date "2011.01.08"]
[Round "2"]
[White "Coimbra,M"]
[Black "Dizdar,G"]
[Result "0-1"]
[WhiteElo "2105"]
[BlackElo "2544"]

1.e4 e6 2.d4 d5 3.Nd2 Be7 4.Ngf3 Nf6 5.e5 Nfd7 6.Bd3 c5 7.c3 Nc6 8.O-O g5
9.dxc5 g4 10.Nd4 Ndxe5 11.Bb5 Bxc5 12.N2b3 Bd6 13.Bf4 Qc7 14.Bxe5 Bxe5 15.Qxg4 Bxh2+
16.Kh1 h5 17.Qh4 Bd6 18.Qf6 Be5 19.Qf3 Ke7 20.Rae1 Bd7 21.Qe2 Nxd4 22.Nxd4 Bf6
23.Bxd7 Qxd7 24.Nf5+ Kf8 25.Ne3 Qa4 26.Qf3 Rh6 27.a3 Rd8 28.Rd1 Kg7 29.Qh3 Qh4
30.Qxh4 Bxh4 31.Nc2 Bf6 32.Nd4 a6 33.Rfe1 Rhh8 34.Re3 Rd7 35.Rg3+ Kf8 36.Nb3 Rc7
37.Rf3 Ke7 38.Re3 Rd8 39.Nd4 Rc4 40.Nf5+ Kf8 41.Ng3 h4 42.Ne2 Rd6 43.Ng1 Rb6
44.Re2 d4 45.cxd4 Rxd4 46.Rde1 Rd3 47.Rc2 Rdb3 48.Rc8+ Kg7 49.Re4 R6b5 50.Nf3 Bxb2
51.Rg4+ Kf6 52.Nxh4 Rc3 53.Rf4+ Ke7 54.Rxc3 Bxc3 55.Nf3 Rb1+ 56.Kh2 b5 57.Re4 Ra1
58.Re3 Bb2 59.Rb3 Bxa3 60.Nd4 Bd6+ 61.g3 Ra4 62.Nf3 b4 63.Nd4 a5 64.Kg2 Ra2
65.Nb5 Bc5 66.Rf3 a4  0-1

[Event "TCh-BEL 2010-11"]
[Site "Charleroi BEL"]
[Date "2011.01.09"]
[Round "6.4"]
[White "Tan,Mat"]
[Black "Laurent,B"]
[Result "1/2-1/2"]
[WhiteElo "2377"]
[BlackElo "2336"]

1.e4 e6 2.d4 d5 3.Nd2 Nc6 4.Ngf3 Nf6 5.e5 Nd7 6.Bb5 a6 7.Bxc6 bxc6 8.O-O c5
9.dxc5 Nxc5 10.Nd4 Bb7 11.f4 g6 12.b4 Ne4 13.Nxe4 dxe4 14.c3 c5 15.bxc5 Bxc5
16.Ba3 Bxa3 17.Qa4+ Kf8 18.Qxa3+ Qe7 19.Qxe7+ Kxe7 20.Rfc1 Rac8 21.c4 Rc7
22.Rc2 Rhc8 23.Rac1 g5 24.g3 gxf4 25.gxf4 e3 26.Kf1 Rd7 27.Nb3 Bf3 28.Re1 Be4
29.Rc3 Bd3+ 30.Kg2 Rxc4 31.Rxc4 Bxc4 32.Rxe3 Rd1 33.Rc3 Bd5+ 34.Kf2 Kf8 35.Rh3 Rb1
36.Rxh7 Rb2+ 37.Ke3 Rxa2 38.Nc5 Ke7 39.f5 exf5 40.Kd4 Be6 41.Nxe6 Kxe6 42.Rh6+ Ke7
43.h4 a5 44.h5 a4 45.Ra6 Rd2+ 46.Ke3 Rh2 47.h6 Rh4 48.Kf3 a3 49.Kg3 Rh1  1/2-1/2

[Event "Balogh-Rapport Match"]
[Site "Szombathely CZE"]
[Date "2011.01.09"]
[Round "6"]
[White "Balogh,C"]
[Black "Rapport,R"]
[Result "1-0"]
[WhiteElo "2604"]
[BlackElo "2531"]

1.e4 e6 2.d4 d5 3.Nd2 Be7 4.c3 c5 5.dxc5 Bxc5 6.Bd3 Nf6 7.Qe2 Nc6 8.Ngf3 O-O
9.O-O Bb6 10.e5 Nd7 11.Nb3 f6 12.exf6 Nxf6 13.Nbd4 Qd6 14.Be3 e5 15.Nxc6 bxc6
16.Bxb6 e4 17.Bd4 Ng4 18.Be5 Qg6 19.Bc2 Qh5 20.Bxe4 dxe4 21.Qxe4 Rxf3 22.Qxf3 Qxe5
23.Qg3 Qf5 24.Rfe1 Ba6 25.h3 Nf6 26.Re7 Nh5 27.Qg4 Qxg4 28.hxg4 Nf6 29.Rae1 Bc4
30.g5 Nd5 31.Re8+ Rxe8 32.Rxe8+ Kf7 33.Ra8 a6 34.b3 Bd3 35.c4 Nb4 36.a3 Nc2
37.Rxa6 Nd4 38.Rb6 Bc2 39.b4 Bd3 40.a4 Bxc4 41.a5  1-0

[Event "9th Parsvnath Open"]
[Site "New Delhi IND"]
[Date "2011.01.10"]
[Round "5.27"]
[White "Minhazuddin,A"]
[Black "Majumdar,C"]
[Result "0-1"]
[WhiteElo "2419"]
[BlackElo "2134"]

1.e4 e6 2.d4 d5 3.Nd2 a6 4.Ngf3 Nf6 5.Bd3 c5 6.exd5 exd5 7.dxc5 Bxc5 8.O-O O-O
9.h3 Nc6 10.Nb3 Ba7 11.c3 Re8 12.Bg5 Qd6 13.Re1 Rxe1+ 14.Qxe1 Bxh3 15.Nbd4 Re8
16.Qd1 Nxd4 17.Nxd4 Bg4 18.Qb3 Bb8 19.g3 Nh5 20.Bf5 Nxg3 21.Bxg4 Ne4  0-1

[Event "36th Open"]
[Site "Seville ESP"]
[Date "2011.01.13"]
[Round "7"]
[White "Khamrakulov,I"]
[Black "Teran Alvarez,I"]
[Result "1/2-1/2"]
[WhiteElo "2494"]
[BlackElo "2432"]

1.e4 e6 2.d4 d5 3.Nd2 Nc6 4.Ngf3 Nf6 5.e5 Nd7 6.c3 f6 7.Bb5 fxe5 8.dxe5 Be7
9.Nb3 O-O 10.Bxc6 bxc6 11.Nbd4 Nb8 12.O-O c5 13.Ne2 Nc6 14.Nf4 Rb8 15.Re1 Rf5
16.b3 a5 17.Be3 Kh8 18.g3 Qf8 19.h4 Nxe5 20.Nxe5 Rxe5 21.Nd3 Rf5 22.Bf4 Bd6
23.Ne5 Qe8 24.Qg4 Bb7 25.Re2 Bxe5  1/2-1/2

[Event "36th Open"]
[Site "Seville ESP"]
[Date "2011.01.15"]
[Round "9"]
[White "Khamrakulov,I"]
[Black "Barrero Garcia,C"]
[Result "1/2-1/2"]
[WhiteElo "2494"]
[BlackElo "2395"]

1.e4 e6 2.d4 d5 3.Nd2 Nc6 4.Ngf3 Nf6 5.e5 Nd7 6.Bb5 a5 7.O-O Na7 8.Bd3 c5
9.c4 cxd4 10.Nb3 dxc4 11.Bxc4 Nc6 12.Bb5 Qb6 13.a4 Bc5 14.Nxc5 Qxc5 15.b3 O-O
16.Ba3 Nb4 17.Rc1 Qb6 18.Re1 Rd8 19.Re4 Nf8 20.Rxd4 Rxd4 21.Qxd4 Qxd4 22.Nxd4 Bd7
23.Bxb4 axb4 24.Bxd7 Nxd7 25.f4 g5 26.Rc7 Rd8 27.Rxb7 Nc5 28.Rxb4 gxf4 29.Rc4 Rd5
30.a5 Rxe5 31.g3 fxg3 32.hxg3 Na6 33.Nc6 Rb5 34.b4 Kf8 35.Kf2 h5 36.Ke3 Rg5
37.Kf3 Rb5 38.Ke4 f6 39.Rd4 Rg5 40.Rd8+ Kf7 41.Rd7+ Kg6 42.Rb7 Rxg3 43.Rb6 h4
44.Rxa6 h3 45.Ra8 Kh7 46.Ra7+ Kh6 47.Ra8 Kh7 48.Ra7+ Kh6 49.Ra8  1/2-1/2

[Event "ch-Antalya 2011"]
[Site "Antalya TUR"]
[Date "2011.01.16"]
[Round "7.2"]
[White "Yurtseven,M"]
[Black "Burcu,C"]
[Result "1/2-1/2"]
[WhiteElo "1998"]
[BlackElo "1887"]

1.e4 e6 2.d4 d5 3.Nd2 a6 4.c3 c5 5.exd5 exd5 6.Ngf3 Nc6 7.Bd3 c4 8.Qe2+ Qe7
9.Bc2 Qxe2+ 10.Kxe2 Bd6 11.Nf1 Nge7 12.a4 Bg4 13.Ne3 Bc8 14.Nf1 Bg4 15.Ne3 Bc8
16.Nf1 Bg4 17.Ne3 Bc8  1/2-1/2

[Event "Marienbad Open"]
[Site "Marianske Lazne CZE"]
[Date "2011.01.19"]
[Round "6"]
[White "Varitski,I"]
[Black "Baciu,D"]
[Result "0-1"]
[WhiteElo "2277"]
[BlackElo "2131"]

1.e4 e6 2.d4 d5 3.Nd2 Be7 4.Bd3 c5 5.dxc5 Nf6 6.Qe2 a5 7.Ngf3 O-O 8.O-O Na6
9.e5 Nd7 10.c3 Naxc5 11.Bc2 b6 12.Re1 Ba6 13.Qe3 f6 14.exf6 Bxf6 15.Nb3 Qc7
16.Nxc5 Nxc5 17.Ng5 Bxg5 18.Qxg5 Bd3 19.Bxd3 Nxd3 20.Re2 Rf6 21.Be3 Qc4 22.Rd2 Rg6
23.Qh5 Qe4 24.Qh3 Rf8 25.Rad1 Rf3 26.g3 Rxe3 27.fxe3 Qxe3+ 28.Kh1 Nf2+ 29.Rxf2 Qxf2
30.Qg2 Rf6 31.a4 Qe3 32.Rf1 Rxf1+ 33.Qxf1 Qe4+ 34.Kg1 Qxa4 35.Qe2 Qe4 36.Qb5 Qe3+
37.Kg2 Kf7 38.h4 Kf6 39.Qe8 Qe2+ 40.Kh3 Qf1+ 41.Kh2 Qf2+ 42.Kh3 Qf5+ 43.Kg2 Ke5
44.Qb8+ Ke4 45.Qxb6 Qf3+ 46.Kh2 Qe2+  0-1

[Event "B1 Masters"]
[Site "Marianske Lazne CZE"]
[Date "2011.01.19"]
[Round "6"]
[White "Mickiewicz,P"]
[Black "Zier,O"]
[Result "1-0"]
[WhiteElo "2344"]
[BlackElo "2131"]

1.e4 e6 2.d4 d5 3.Nd2 a6 4.Ngf3 Nf6 5.exd5 exd5 6.Bd3 Bd6 7.O-O O-O 8.Ne5 c5
9.c3 Nc6 10.Nxc6 bxc6 11.dxc5 Bxc5 12.Nb3 Bd6 13.Bg5 Bc7 14.Bh4 Re8 15.Qf3 Qd6
16.Bg3 Qe7 17.Bxc7 Qxc7 18.Rae1 Bb7 19.Nc5 Qb6 20.b4 Rad8 21.g4 Bc8 22.g5 Nd7
23.Bxh7+ Kxh7 24.Nxd7 Bxd7 25.Qxf7 Qc7 26.Qh5+ Kg8 27.g6 Be6 28.Re5 Qd7 29.Rfe1 d4
30.Rf5  1-0

[Event "Jimmy Quon Memorial"]
[Site "Los Angeles USA"]
[Date "2011.01.20"]
[Round "3"]
[White "Naroditsky,D"]
[Black "Adamson,R"]
[Result "1-0"]
[WhiteElo "2419"]
[BlackElo "2349"]

1.e4 e6 2.d4 d5 3.Nd2 Be7 4.Bd3 c5 5.dxc5 Nf6 6.exd5 Qxd5 7.Ngf3 Nbd7 8.Nb3 Nxc5
9.Nxc5 Bxc5 10.Qe2 Bd7 11.Bg5 Bc6 12.c4 Qd6 13.O-O-O h6 14.Be4 Qc7 15.Bxc6+ bxc6
16.Be3 Bxe3+ 17.Qxe3 O-O 18.Ne5 c5 19.g4 Rab8 20.h4 Rfd8 21.g5 Nd7 22.Nxd7 Rxd7
23.gxh6 Rxd1+ 24.Rxd1 g6 25.h5 Re8 26.Rg1 Kh7 27.f4 Rg8 28.Rg5 Qa5 29.a3 Qa4
30.Rxc5 gxh5 31.Rc7 Kxh6 32.f5+ Rg5 33.fxe6 fxe6 34.Qxe6+ Rg6 35.Qe3+ Rg5
36.Rc5  1-0

[Event "Marienbad Open"]
[Site "Marianske Lazne CZE"]
[Date "2011.01.20"]
[Round "7"]
[White "Varitski,I"]
[Black "Khamidov,K"]
[Result "1-0"]
[WhiteElo "2277"]
[BlackElo "1980"]

1.e4 e6 2.d4 d5 3.Nd2 Nc6 4.Ngf3 Nf6 5.e5 Nd7 6.c4 f6 7.cxd5 exd5 8.Bb5 fxe5
9.dxe5 a6 10.Bxc6 bxc6 11.O-O Be7 12.Nd4 Nb8 13.Qh5+ g6 14.Qh6 Bf8 15.Qf4 c5
16.e6 Qe7 17.Qe5 Bg7 18.Qxd5 c6 19.Nxc6 Qxe6 20.Qd8+ Kf7 21.Qc7+ Bd7 22.Nd8+ Rxd8
23.Qxd8 Bb5 24.Nf3 Bf6 25.Ng5+ Bxg5 26.Bxg5 Bxf1 27.Rxf1 Qd7 28.Rd1 Ra7 29.Qf6+  1-0

[Event "3rd Chennai Open"]
[Site "Chennai IND"]
[Date "2011.01.21"]
[Round "5"]
[White "Shiven,K"]
[Black "Shanmuganathan,T"]
[Result "1/2-1/2"]
[WhiteElo "2358"]
[BlackElo "2095"]

1.e4 e6 2.d4 d5 3.Nd2 Be7 4.Bd3 c5 5.dxc5 Nf6 6.Qe2 O-O 7.Ngf3 a5 8.O-O Na6
9.e5 Nd7 10.Nd4 Naxc5 11.N2f3 f6 12.Bf4 Qb6 13.Qe3 Nxd3 14.Qxd3 fxe5 15.Bxe5 Nxe5
16.Nxe5 Qxb2 17.Rae1 Qb6 18.Re3 Bf6 19.f4 Bxe5 20.Rxe5 Bd7 21.c3 Rac8 22.Rf3 Rf6
23.g3 Qb2 24.Re2 Qb6 25.Rfe3 Rcf8 26.Re5 Rc8 27.Kg2 Qd6 28.Qf3 g6 29.h4 b5
30.h5 b4 31.cxb4 Rc4 32.Qd3 axb4 33.hxg6 hxg6 34.Rg5 Kg7 35.Nf3 Rc3 36.Qd4 Qc5
37.Qe5 Rc2 38.Nd4 Rxe2+ 39.Nxe2 Qc2 40.Kh3 Qxa2 41.Nd4 Qc4 42.Qd6 Qf1+ 43.Kh2 Qf2+
44.Kh3 Qf1+ 45.Kh2 Qf2+ 46.Kh3  1/2-1/2

[Event "3rd Chennai Open"]
[Site "Chennai IND"]
[Date "2011.01.21"]
[Round "6"]
[White "Shyam,SM"]
[Black "Jagadeesh,A"]
[Result "1-0"]
[WhiteElo "2443"]
[BlackElo "2093"]

1.e4 e6 2.d4 d5 3.Nd2 Nc6 4.Ngf3 Nf6 5.e5 Nd7 6.Nb3 f6 7.Bb5 Be7 8.exf6 Bxf6
9.Qe2 Qe7 10.Bf4 Kd8 11.O-O-O g5 12.Bxc6 bxc6 13.Be5 Rf8 14.Na5 Nb8 15.h4 g4
16.Bxf6 Qxf6 17.Ne5 Qxf2 18.Qxg4  1-0

[Event "3rd Chennai Open"]
[Site "Chennai IND"]
[Date "2011.01.23"]
[Round "8"]
[White "Dzhumaev,M"]
[Black "Praveen Kumar,C1"]
[Result "1-0"]
[WhiteElo "2493"]
[BlackElo "2362"]

1.e4 e6 2.d4 d5 3.Nd2 Be7 4.e5 Nh6 5.Bd3 c5 6.Ndf3 Nc6 7.Nh3 Qb6 8.O-O Bd7
9.dxc5 Bxc5 10.c3 a5 11.Bxh6 gxh6 12.Qd2 O-O-O 13.Rab1 Bf8 14.Nf4 Kb8 15.Rfe1 Bc8
16.a3 Qc7 17.Nh5 f5 18.b4 Qb6 19.bxa5 Qxa5 20.Bb5 Na7 21.Nd4 Bc5 22.a4 Rhg8
23.Nf6 Rg7 24.Nb3 Qb6 25.Nxc5 Qxc5 26.Qxh6 Rc7 27.Qh4 d4 28.cxd4 Rxd4 29.Qg5 Qa3
30.h3 Rb4 31.Qd2 Rxb1 32.Rxb1 Qc5 33.Qd6 Nxb5 34.Qxc5 Rxc5 35.Rxb5 Rc4 36.a5 Ka7
37.Nxh7 Ka6 38.Rb1 Kxa5 39.Nf6 b5 40.g3 Bb7 41.h4 b4 42.h5 b3 43.Kh2 Kb4
44.h6 Rc8 45.h7 Rh8 46.f4 Be4 47.Rd1 Bf3 48.Rd6 Rc8 49.Rb6+ Ka3 50.Ra6+ Kb4
51.Rb6+ Ka3 52.g4 Bxg4 53.Nxg4 fxg4 54.Rxe6 Rh8 55.Ra6+ Kb4 56.Rb6+ Kc5 57.Rb7 Kc6
58.Rxb3 Rxh7+ 59.Kg2 Kd5 60.Rb6 Ke4 61.Kg3 Rf7 62.Rf6 Rg7 63.e6 Rg8 64.e7 Re8
65.Rf7 Kd5 66.f5  1-0

[Event "3rd Chennai Open"]
[Site "Chennai IND"]
[Date "2011.01.23"]
[Round "8"]
[White "Shyam,SM"]
[Black "Ram,S"]
[Result "1-0"]
[WhiteElo "2443"]
[BlackElo "2242"]

1.e4 e6 2.d4 d5 3.Nd2 Be7 4.Ngf3 Nf6 5.e5 Nfd7 6.Bd3 c5 7.c3 Nc6 8.O-O a5
9.a4 g5 10.dxc5 g4 11.Nd4 Ncxe5 12.Bb5 Bxc5 13.f4 Nc6 14.Qxg4 Qb6 15.Nb3 Nxd4
16.cxd4 Bxd4+ 17.Nxd4 Qxd4+ 18.Kh1 Ke7 19.Qh3 Nf6 20.Be3 Qb4 21.Rac1 d4 22.Rc4 Qb3
23.Bxd4 Qxh3 24.gxh3 Rg8 25.Rc7+  1-0

[Event "Jimmy Quon Memorial"]
[Site "Los Angeles USA"]
[Date "2011.01.23"]
[Round "9"]
[White "Bojkov,D"]
[Black "Stopa,Ja"]
[Result "1/2-1/2"]
[WhiteElo "2544"]
[BlackElo "2451"]

1.e4 e6 2.d4 d5 3.Nd2 Be7 4.Qg4 Nf6 5.Qxg7 Rg8 6.Qh6 dxe4 7.Qe3 c5 8.dxc5 Qa5
9.c3 Qxc5 10.Qxc5 Bxc5 11.Ne2 b6 12.Ng3 Bb7 13.Nb3 Be7 14.Be3 Nbd7 15.O-O-O O-O-O
16.Nd4 Nd5 17.c4 Nf4 18.Nde2 Ng6 19.Nd4 Nc5 20.Be2 Ne5 21.Kc2 Ncd3 22.b3 Bc5
23.Kc3 Bb4+ 24.Kc2 Bc5 25.Kc3 Bb4+  1/2-1/2

[Event "Belgrade Individual 2011"]
[Site "Belgrade SRB"]
[Date "2011.01.24"]
[Round "3.10"]
[White "Popovic,AM"]
[Black "Brakus,D"]
[Result "1-0"]
[WhiteElo "2299"]
[BlackElo "1975"]

1.e4 e6 2.d4 d5 3.Nd2 Nc6 4.Ngf3 Nf6 5.e5 Nd7 6.Nb3 a5 7.a4 f6 8.Bb5 fxe5
9.dxe5 Nc5 10.Bg5 Qd7 11.O-O Nxb3 12.cxb3 Qf7 13.Rc1 Bd7 14.Bxc6 bxc6 15.Be3 Qh5
16.Qc2 Be7 17.Bc5 Rf8 18.Rfe1 Rxf3 19.gxf3 Bg5 20.Be3 Be7 21.Kg2 Rb8 22.Rcd1 Qxe5
23.Qxh7 Qf6 24.Bd4 Qh6 25.Qg8+ Bf8 26.Bc5 Qg6+ 27.Kf1 Qf7 28.Qxf8+ Qxf8 29.Bxf8 Kxf8
30.Re3 Rb4 31.Rc1 Ke7 32.Rc5 Kf6 33.Rxa5 e5 34.Kg2 Bf5 35.Kg3 Bc2 36.Ra8 d4
37.Re1 Rxb3 38.Rd8 Ke7 39.Rxd4 e4 40.Re3 Rxb2 41.Re2  1-0

[Event "Gibraltar Masters"]
[Site "Caleta ENG"]
[Date "2011.01.25"]
[Round "1.37"]
[White "Calzetta Ruiz,M"]
[Black "Robson,R"]
[Result "1-0"]
[WhiteElo "2284"]
[BlackElo "2532"]

1.e4 e6 2.d4 d5 3.Nd2 Nc6 4.Ngf3 Nf6 5.e5 Nd7 6.Be2 f6 7.exf6 Qxf6 8.Nf1 Bd6
9.Ne3 O-O 10.O-O Qg6 11.c4 Nf6 12.c5 Be7 13.Nc2 Ne4 14.a4 e5 15.Be3 exd4
16.Nfxd4 Bxc5 17.Bh5 Qf6 18.Nb5 Qd8 19.Nxc7 d4 20.Nxa8 dxe3 21.Nxe3 Qxd1
22.Nxd1 Bd6 23.Ne3 Be6 24.Rad1 Bf4 25.Bf3 Ng5 26.Bxc6 bxc6 27.Rc1 Rxa8 28.Rxc6 Bb3
29.a5 Rd8 30.Nf5 Rd2 31.h4 Ne4 32.g3 Be5 33.Re1 Bf6 34.Rxe4 Rd1+ 35.Kh2 Bd5
36.Rc8+ Kf7 37.Ne3 Re1 38.Rc7+ Kg6 39.h5+ Kxh5 40.Nxd5 Rxe4 41.Nxf6+ gxf6
42.Rxh7+ Kg6 43.Rxa7 Rb4 44.Kg2 Rxb2 45.a6 Ra2 46.g4 Ra3 47.f3 Ra4 48.Ra8 Ra3
49.Kg3 Ra4 50.Kf2 Ra3 51.Ke2 Kg7 52.a7 Ra4 53.Ke3 Ra3+ 54.Kd4 Ra4+ 55.Kc5 Ra1
56.f4 Rc1+ 57.Kd6 Rd1+ 58.Ke6 Re1+ 59.Kf5 Ra1 60.g5 fxg5 61.Kxg5 Ra4 62.f5 Ra5
63.Kf4 Kf7 64.Ke4 Ra4+ 65.Kd5 Kg7 66.f6+ Kf7 67.Rh8  1-0

[Event "Oceania Zonal"]
[Site "Rotorua NZL"]
[Date "2011.01.25"]
[Round "1.14"]
[White "Deen Cowell,N"]
[Black "Steadman,M"]
[Result "0-1"]
[WhiteElo "1917"]
[BlackElo "2242"]

1.e4 e6 2.d4 d5 3.Nd2 Nc6 4.Ngf3 Nf6 5.e5 Nd7 6.c3 f6 7.Bb5 a6 8.Bxc6 bxc6
9.O-O c5 10.Qa4 Kf7 11.exf6 gxf6 12.dxc5 Bxc5 13.Nb3 Bd6 14.Qh4 Qg8 15.Nbd4 Qg6
16.Ne2 Rg8 17.Ng3 e5 18.Rd1 Nb6 19.h3 c5 20.Qh6 e4 21.Qxg6+ Rxg6 22.Nh4 Rxg3
23.fxg3 Bxg3 24.Be3 Bxh4 25.Bxc5 Rb8 26.Bxb6 Rxb6 27.Rxd5 Rxb2 28.Rh5 Bf2+
29.Kf1 e3 30.g4 Bg3 31.Re1 Rf2+  0-1

[Event "Gibraltar Masters"]
[Site "Caleta ENG"]
[Date "2011.01.26"]
[Round "2.45"]
[White "Seyfried,C"]
[Black "Vernay,C"]
[Result "1/2-1/2"]
[WhiteElo "2173"]
[BlackElo "2446"]

1.e4 e6 2.d4 d5 3.Nd2 Be7 4.Bd3 c5 5.exd5 Qxd5 6.Ngf3 cxd4 7.O-O Nf6 8.Bc4 Qc5
9.Qe2 Nc6 10.Nb3 Qd6 11.Bb5 a6 12.Bxc6+ Qxc6 13.Rd1 O-O 14.Rxd4 a5 15.Ne5 Qe8
16.a4 Nd5 17.Bd2 b6 18.Qf3 Ra7 19.c4 Bf6 20.Re1 Ne7 21.Rd6 Bxe5 22.Rxe5 Qxa4
23.Qc3 Rc7 24.Rxb6 Nd5 25.cxd5 Rxc3 26.Bxc3 exd5 27.Rxd5 Qe4 28.Re5 Qf4 29.Nxa5 h6
30.Nc6 Be6 31.Rb4 Qc1+ 32.Re1 Qg5 33.Re5 Qc1+ 34.Re1 Qg5 35.Re5  1/2-1/2

[Event "3rd Chennai Open"]
[Site "Chennai IND"]
[Date "2011.01.26"]
[Round "11"]
[White "Ashwin,J"]
[Black "Kuzubov,Y"]
[Result "0-1"]
[WhiteElo "2427"]
[BlackElo "2624"]

1.e4 e6 2.d4 d5 3.Nd2 Nc6 4.Ngf3 Nf6 5.e5 Nd7 6.Bd3 Nb4 7.Be2 c5 8.c3 Nc6
9.O-O Qb6 10.dxc5 Bxc5 11.Nb3 Ndxe5 12.Nxe5 Nxe5 13.Nxc5 Qxc5 14.Be3 Qc7
15.f4 Nc4 16.Bd4 O-O 17.Bd3 f6 18.Qh5 g6 19.Qe2 Bd7 20.b3 Nd6 21.g4 Rae8
22.Rae1 g5 23.Qg2 Bb5 24.Bxb5 Nxb5 25.fxg5 Nxd4 26.cxd4 fxg5 27.Qd2 Rxf1+
28.Rxf1 Qg7 29.Qe3 h6 30.h3 a6 31.Rf2 Re7 32.Rc2 Qg6 33.Rc8+ Re8 34.Qc3 Qf7
35.Rc7 Qf4 36.Rc8 Rf8 37.Rxf8+ Kxf8 38.Qc8+ Ke7 39.Kg2 Qe4+ 40.Kg3 Qxd4 41.Qxb7+ Kf6
42.Qxa6 Qe3+ 43.Kg2 d4 44.Qa8 Qe2+ 45.Kg3 Ke5 46.a4 Qe1+ 47.Kg2 d3 48.a5 Qe2+
49.Kg3 Qe3+ 50.Kg2 d2 51.Qb8+ Ke4 52.Qb7+ Kd3 53.Qb5+ Kc2 54.Qc4+ Kb2 55.Qf1 Qe4+
56.Kh2 Qf4+  0-1